Obálka Náhled e-knihy:
PDF Epub
Pro půjčování e-knih musíte být přihlášeni.
Jak si půjčit online?

Lucia /

Zlo sa nezastaví pred ničím. Preto ho musí zastaviť ona. Skupina študentov kriminológie odhalí existenciu vraha, ktorý svoje obete aranžuje podľa renesančných obrazov. Je možné, že vraždil znova? Keď polícia nájde brutálne ukrižovaného madridského vyšetrovateľa, zdá sa, že sa nemýlili. Jeho partner...

Celý popis

Uloženo v:
Hlavní autor: Minier, Bernard (Autor)
Médium: E-kniha
Jazyk:Czech
Vydáno: Praha : Albatros Media Slovakia s.r.o., 2022
Tagy:
Žádné tagy
LEADER 01527nam a22002297i 4500
001 311743
007 ta
008 260601s2022 xr ||||| |||| 00| 0 cze d
020 |a 9788056630136 
044 |a xr 
100 1 |a  Minier, Bernard  |4 aut 
245 1 0 |a Lucia /  |c  Minier, Bernard 
240 1 0 |a Lucia 
264 1 |a Praha :  |b Albatros Media Slovakia s.r.o.,  |c 2022 
300 |a 1 online zdroj (400 stran) 
336 |a text  |b txt  |2 rdacontent 
337 |a bez média  |b n  |2 rdamedia 
338 |a online zdroj  |b cr  |2 rdacarrier 
520 2 |a Zlo sa nezastaví pred ničím. Preto ho musí zastaviť ona. Skupina študentov kriminológie odhalí existenciu vraha, ktorý svoje obete aranžuje podľa renesančných obrazov. Je možné, že vraždil znova? Keď polícia nájde brutálne ukrižovaného madridského vyšetrovateľa, zdá sa, že sa nemýlili. Jeho partnerka Lucia Guerrero sa s pomocou študentov púšťa do zložitého vyšetrovania. Spoločne budú čeliť svojim najhorším obavám, vlastnej minulosti – a pravde, ktorá je odpornejšia než všetky zverstvá z legiend a mýtov. 
910 |a RBIT002 
998 |d 363058  |a https://core.palmknihy.cz/api/books/363058/cover?si5xo4  |b https://core.palmknihy.cz/api/books/363058/cover/400?si5xo4  |c https://core.palmknihy.cz/api/books/363058/cover/50?si5xo4  |e 2027-02-26  |g 400  |i 9788056630136  |j https://core.palmknihy.cz/api/books/363058/preview.epub  |k https://core.palmknihy.cz/api/books/363058/preview.pdf  |l   |q 49  |r 1  |s https://www.palmknihy.cz/kniha/363058  |t ebook  |y 2022  |z 1 
999 |d 311741